| Registos Bibliográficos associados ao registo de autoridade |
|
Etiqueta de registo: 00254nam 2200025 450 001 2287826 003 http://id.bnportugal.gov.pt/bib/catbnp/2287826 100 ## $a20260615d2025 k y0pory01030103ba 101 0# $apor$deng 102 ## $aPT 105 ## $aa m 001yy 106 ## $ar 200 1# $a A experiência turística no contexto de alojamento em imóveis com valor patrimonial$e uma perspetiva de ecossistema de turismo inteligente$fPedro Miguel de Almeida Ribeiro Vaz Serra$gorient. Cláudia Patrícia de Almeida Seabra Moreira, Ana Maria Balbino Caldeira 210 #9 $aCoimbra$c[s.n.], $d2025 215 ## $aXX, 376, [5] p.$cil.$d30 cm 328 #1 $aTese dout. Turismo, Património e Território, Faculdade de Letras da Universidade de
Coimbra, 2025 675 ## $a338.48(043)$vBN$zpor$3325390 700 #1 $aSerra,$bPedro Miguel de Almeida Ribeiro Vaz$32000542 702 #1 $aMoreira,$bCláudia Patrícia de Almeida Seabra$4727$31357528 702 #1 $aCaldeira,$bAna Maria Balbino$4727$31599942 801 #0 $aPT$bBN$gRPC 966 ## $lBN$mFGMON$sS.C. 169452 V.$x1 971 ## $cisantos$d20260615 973 ## $cigoulao$d20260702
|
|
|